000 00550nam a2200181Ia 4500
008 090124s9999 xx 000 0 und d
082 _b33962
100 _aनऱ्हे शंकर
245 _a रक्त पिसाट
250 _a0
260 _b"निशीराज पब्लिकेशन, पुणे"
_c1997
300 _a147
600 _aनऱ्हे शंकर
630 _a रक्त पिसाट
700 _aनऱ्हे शंकर
730 _a रक्त पिसाट
942 _cBOOK
999 _c99844
_d99844